| 000 | 01110cam a2200205 4500 | ||
|---|---|---|---|
| 001 | ABS62993 | ||
| 008 | 000000n2000 000 0 eng u | ||
| 035 | _a(Sirsi) u108945 | ||
| 245 | _aR v SoS Defence ex p Wilkins and others | ||
| 260 | _c2000 | ||
| 490 |
_aEstates Gazette _v[2000] 40 EG 180-186(7) |
||
| 520 | _aQBD 19 June 2000. RAF Kemble was created on 520 acres of land acquired compulsorily, over a 20-year period from the late 1930s. In 1999 the SoS informed the former owners of the airfield (R) that there had been a material change of character of the land within the meaning of r9 of the Crichel Down Rules, and that nothing under r14(7) required the respondent to offer the land to the former owners. R challenged the decision. Held, application dismissed. Rule 9 had been correctly interpreted. | ||
| 590 | _aABS | ||
| 650 | _aCRICHEL DOWN RULES | ||
| 650 | _aAIRFIELD | ||
| 650 | _aR V SOS DEFENCE EX P WILKINS AND OTHERS | ||
| 650 | _aMATERIAL CHANGE | ||
| 690 | _aENVIRONMENTAL AND LAND CONSULTANCY-PLANNING AND DEVELOPMENT-COMPULSORY PURCHASE AND COMPENSATION | ||
| 942 | _n0 | ||
| 999 |
_c65053 _d65053 |
||